Jaki to kraj?#2 - Statystyki

Ogólne statystyki
  • Ten quiz został rozwiązany 109 razy
  • Średni wynik to 5 z 10
Statystyki odpowiedzi
Zagadnienie Odpowiedź % Poprawnych
Jest jednym krajem, który głosował za opuszczeniem UE. Jaki to kraj? Wielka Brytania
92%
Jest krajem Azjatyckim przechodzi przez kraj równik. Jaki to kraj? Indonezja
76%
Jest krajem przez, który przepływa rzeka Mekong ma na swojej fladze budynek.Jaki to kraj? Kambodża
68%
Jest krajem azjatyckim i należy do UE. Jaki to kraj? Cypr
66%
Jest był byłą Portugalską kolonią leży w Azji. Jaki to kraj? Timor Wschodni
48%
Jest jedynym krajem w Oceanii, który nigdy nie został skolonizowany przez Europejczyków.Jaki to kraj? Tonga
38%
Leży w Afryce północnej (według ONZ-tu) jest zwany jako "Korea Północna Afryki".Jaki to kraj? Erytrea
35%
Jest krajem wyspiarskim w Afryce, jako jedyny w Afryce nie posiada własnej armii.Jaki to kraj? Mauritius
29%
Jest oficjalnym kandydatem do wstąpienia do NATO. Jaki to kraj? Bośnia i Hercegowina
24%
Jest krajem, którą najwyższą górą jest Signal de Botrange.Jaki to kraj? Holandia
17%
Nie znaleziono quizów pasujących do podanych kryteriów
Rozkład punktacji
Procent ludzi z każdym wynikiem
Percentyl według liczby udzielonych odpowiedzi
Twoja historia wyników
Nie rozwiązałeś tego quizu